Statistics for Chinese History 101 Quiz #2

Click here to take the quiz!

General Stats

  • This quiz has been taken 62 times
  • The average score is 7 of 10

Answer Stats

QuestionAnswer% Correct
Who was the first emperor of China?Qin Shi Huang
91%
What notorious thing did he do?Burning books and burying scholars alive
82%
How many years did his dynasty last?15
79%
Which nomad tribe was driven north of the Gobi desert by Emperor Wu of Han?Xiongnu
79%
Where was the capital of the Western Han?Chang'an (today Xi'an)
74%
What was a major invention in the Eastern Han dynasty?Papermaking
72%
What was homosexual relationship called in ancient Chinese?cut sleeve
61%
What happened at the Feast of Swan Goose Gate?Xiang Yu tried to kill Liu Bang but Liu Bang escaped
60%
Who took Emperor Xian of Han hostage and controlled the court?Cao Cao
47%
In Chinese chess, what is the middle row called?Chu river and Han border
44%

Score Distribution

Percentile by Number Answered

Percent of People with Each Score

Your Score History

You have not taken this quiz